000
00204 a2200097 4500
001
18879
100
_a
Fawdry RC
245
_a
Dynamics Part II
260
_a
_b
G Bell & Sons
_c
1934
090
_c
13968
_d
13968
942
_a
NUST-CAE
_c
M
_c
4411
999
_c
253952
_d
253952